The long-term impacts of increasing atmospheric carbon dioxide levels /

Bibliographic Details
Other Authors: MacDonald, Gordon J. (Gordon James), 1929-2002
Format: Book
Language:English
Published: Cambridge, Mass. : Ballinger, [1982]
Subjects:

MARC

Tag First Indicator Second Indicator Subfields
LEADER 00000pam a2200000 a 4500
001 in00000085350
005 20151008061436.0
008 810831s1982 maua b 10100 eng
010 |a  81038518  
020 |a 088410902X 
035 |a (OCoLC)07796641 
035 |9 AAJ8069AM 
039 0 |a 2  |b 3  |c 3  |d 3  |e 3 
040 |a DLC  |c DLC  |d TXA  |d UtOrBLW 
049 |a TXAM  |c [1673238] 
050 0 0 |a TD885.5.C3  |b L66 1982 
082 0 |a 551.5/112  |2 19 
245 0 4 |a The long-term impacts of increasing atmospheric carbon dioxide levels /  |c edited by Gordon J. MacDonald. 
264 1 |a Cambridge, Mass. :  |b Ballinger,  |c [1982] 
264 4 |c ©1982 
300 |a xxiv, 252 pages :  |b illustrations ;  |c 24 cm. 
336 |a text  |b txt  |2 rdacontent 
337 |a unmediated  |b n  |2 rdamedia 
338 |a volume  |b nc  |2 rdacarrier 
504 |a Includes bibliographies and indexes. 
650 0 |a Carbon dioxide  |x Environmental aspects  |x Congresses. 
650 0 |a Climatic changes  |v Congresses. 
700 1 |a MacDonald, Gordon J.  |q (Gordon James),  |d 1929-2002. 
999 |a MARS 
999 f f |s b5edc298-dec5-3e1a-81e9-c590427847c6  |i 29fa7b0d-a33d-344c-962a-28fb745616ad  |t 0 
952 f f |p ric  |a Texas A&M University  |b Rellis Campus  |c Joint Library Facility  |d Remote Storage  |t 0  |e TD885.5.C3 L66 1982  |h Library of Congress classification  |i unmediated -- volume  |m A14806245689 
998 f f |a TD885.5.C3 L66 1982  |t 0  |l Remote Storage